Mike and Phani's essential C++ techniques /

C++ is the language of choice for developing the most sophisticated Windows programs, but it is filled with hidden traps for the unwary. Mike Hyman and Phani Vaddadi's no-nonsense book helps C++ programmers avoid these traps by providing invaluable techniques gleaned from a combined 30 years of...

Full description

Bibliographic Details
Main Author: Hyman, Michael I., 1965-
Corporate Author: SpringerLink (Online service)
Other Authors: Vaddadi, Phani, 1959-
Format: eBook
Language:English
Published: San Francisco, CA : APress, [1999]
Subjects:
Online Access:Connect to the full text of this electronic book
Connect to the full text of this electronic book

MARC

Tag First Indicator Second Indicator Subfields
LEADER 00000cam a2200000La 4500
001 in00001746986
005 20220105121858.0
006 m o d
007 cr cn|||||||||
008 001207s1999 cau o 001 0 eng d
019 |a 183265132  |a 533107455 
020 |a 0585320098  |q (electronic bk.) 
020 |a 9780585320090  |q (electronic bk.) 
020 |a 9781430211273  |q (electronic bk.) 
020 |a 143021127X  |q (electronic bk.) 
020 |z 1893115046 
035 |a (OCoLC)ocm45842541 
035 |a (OCoLC)45842541  |z (OCoLC)183265132  |z (OCoLC)533107455 
040 |a N$T  |b eng  |e pn  |c N$T  |d OCL  |d OCLCQ  |d OCLCG  |d OCLCQ  |d TUU  |d OCLCQ  |d TNF  |d OCLCQ  |d ZCU  |d OCLCO  |d OCLCF  |d OCLCQ  |d COO  |d B24X7  |d GW5XE  |d N$T  |d OCLCQ  |d OCLCO  |d UtOrBLW 
049 |a TXAM 
050 4 |a QA76.73.C153  |b H962 1999eb 
072 7 |a COM  |x 051310  |2 bisacsh 
072 7 |a COM  |x 051280  |2 bisacsh 
072 7 |a COM  |x 051130  |2 bisacsh 
082 0 4 |a 005.13/3  |2 21 
100 1 |a Hyman, Michael I.,  |d 1965-  |0 http://id.loc.gov/authorities/names/n84145092 
245 1 0 |a Mike and Phani's essential C++ techniques /  |c Michael Hyman and Phani Vaddadi. 
246 3 |a Essential C++ techniques 
264 1 |a San Francisco, CA :  |b APress,  |c [1999] 
264 4 |c ©1999 
300 |a 1 online resource (x, 239 pages) 
336 |a text  |b txt  |2 rdacontent 
337 |a computer  |b c  |2 rdamedia 
338 |a online resource  |b cr  |2 rdacarrier 
588 0 |a Print version record. 
520 |a C++ is the language of choice for developing the most sophisticated Windows programs, but it is filled with hidden traps for the unwary. Mike Hyman and Phani Vaddadi's no-nonsense book helps C++ programmers avoid these traps by providing invaluable techniques gleaned from a combined 30 years of experience. In this book, you'll find a number of invaluable real-world tips and techniques that will help you improve your code and coding practices. 
500 |a Electronic resource. 
650 0 |a C++ (Computer program language)  |0 http://id.loc.gov/authorities/subjects/sh87007505 
650 7 |a COMPUTERS  |x Programming Languages  |x C♯.  |2 bisacsh 
650 7 |a COMPUTERS  |x Programming Languages  |x Java.  |2 bisacsh 
650 7 |a COMPUTERS  |x Programming Languages  |x Pascal.  |2 bisacsh 
650 7 |a C++ (Computer program language)  |2 fast  |0 (OCoLC)fst00843286 
655 7 |a Electronic books.  |2 local 
700 1 |a Vaddadi, Phani,  |d 1959-  |0 http://id.loc.gov/authorities/names/n99048752 
710 2 |a SpringerLink (Online service)  |0 http://id.loc.gov/authorities/names/no2005046756 
776 1 8 |i Print version:  |a Hyman, Michael I., 1965-  |t Mike and Phani's essential C++ techniques.  |d San Francisco, CA : APress, ©1999  |z 1893115046  |w (DLC) 99038901 
856 4 0 |u https://proxy.library.tamu.edu/login?url=http://link.springer.com/10.1007/978-1-4302-1127-3  |z Connect to the full text of this electronic book  |t 0 
856 4 1 |u https://proxy.library.tamu.edu/login?url=http://www.netLibrary.com/urlapi.asp?action=summary&v=1&bookid=23434  |z Connect to the full text of this electronic book  |t 0 
994 |a 92  |b TXA 
999 |a MARS 
999 f f |s 71c22388-8975-313c-9f23-168369e0f4bf  |i a17968d6-a9f5-3155-9b32-a7093af645bf  |t 0 
952 f f |a Texas A&M University  |b College Station  |c Electronic Resources  |d Available Online  |t 0  |e QA76.73.C153 H962 1999eb  |h Library of Congress classification 
998 f f |a QA76.73.C153 H962 1999eb  |t 0  |l Available Online